Central Library OPAC University of Rajshahi

Interpretation of ambiguous documents by international administrative tribunals / (Record no. 4432)

MARC details
000 -LEADER
fixed length control field 00903cam a2200253 a 4500
001 - CONTROL NUMBER
control field 4432
003 - CONTROL NUMBER IDENTIFIER
rucl marc code BD-RjUL
005 - DATE AND TIME OF LATEST TRANSACTION
control field 20211208233906.0
008 - FIXED-LENGTH DATA ELEMENTS--GENERAL INFORMATION
fixed length control field 131222s1964 enk 001 0 eng c
035 ## - SYSTEM CONTROL NUMBER
System control number (BD-RjUL)4467
-- OCLC ocm00505344 from D980306M
040 ## - CATALOGING SOURCE
Original cataloging agency WSU
Transcribing agency WSU
Modifying agency UKM
-- OCL
-- EQO
-- BD-RjUL
Language of cataloging eng
041 ## - LANGUAGE CODE
Language code of text/sound track or separate title eng
082 04 - DEWEY DECIMAL CLASSIFICATION NUMBER
Classification number 341.2
Edition number 18
Author mark and year SCI 1964
100 1# - MAIN ENTRY--PERSONAL NAME
Personal name Schechter, Alan H.
Fuller form of name (Alan Henry),
Dates associated with a name 1936-
9 (RLIN) 14013
245 10 - TITLE STATEMENT
Title Interpretation of ambiguous documents by international administrative tribunals /
Statement of responsibility, etc. by Alan H. Schechter.
260 ## - PUBLICATION, DISTRIBUTION, ETC. (IMPRINT)
Place of publication, distribution, etc. London :
Name of publisher, distributor, etc. Stevens & Sons,
Date of publication, distribution, etc. 1964.
300 ## - PHYSICAL DESCRIPTION
Pagination xviii, 183 p. ;
Size 22 cm.
490 0# - SERIES STATEMENT
Series statement Library of world affairs,
Volume/sequential designation no. 62
504 ## - BIBLIOGRAPHY, ETC. NOTE
Bibliography, etc Bibliographical footnotes and index.
650 #0 - SUBJECT ADDED ENTRY--TOPICAL TERM
Topical term or geographic name as entry element Legal documents
General subdivision Interpretation and construction.
9 (RLIN) 14014
Topical term or geographic name as entry element International administrative courts.
9 (RLIN) 14015
942 ## - ADDED ENTRY ELEMENTS (KOHA)
Source of classification or shelving scheme Dewey Decimal Classification
Koha item type Books
Holdings
Lost status Source of classification or shelving scheme Damaged status Not for loan Collection code Permanent Location Current Location Shelving location Date acquired Source of acquisition Cost, normal purchase price Total Checkouts Full call number Date last seen Copy number Koha item type
  Dewey Decimal Classification   Not For Loan Non-fiction Central Library, University of Rajshahi Central Library, University of Rajshahi Reading Room 01/08/1968 Zeithlinger. 52.60   341.2 SCI 1964 22/12/2013 C-1 Books